Otro golpe a los trabajadores: incremento en el sistema de pensiones

Guardado en:
Bibliografiske detaljer
Format: Texto
Fag:
Tags: Tilføj Tag
Ingen Tags, Vær først til at tagge denne postø!

MARC

LEADER 00000 a a2200000 04500
001 6554
003
040
245 |a Otro golpe a los trabajadores: incremento en el sistema de pensiones  
650 |a PENSIONES DE JUBILACION  
650 |a POLITICAS DE AJUSTER  
650 |a REFORMA ADMINISTRATIVA  
773 |g volumen 22, número 982; páginas 6-7  
999 |c 19638  |d 19638